Logos with Yellow - Statistics

General Stats
  • This quiz has been taken 51 times
  • The average score is 7 of 16
Answer Stats
Picture Answer % Correct
Lay's
100%
Shell
100%
McDonald's
65%
Best Buy
57%
Lipton
57%
Snapchat
57%
Lamborghini
54%
Chupa Chups
49%
Schweppes
41%
20th Century Fox
27%
Maggi
27%
Bumble
24%
Nikon
19%
Sprint
19%
Century 21
14%
Porshce
14%
No matching quizzes found
Score Distribution
Percent of People with Each Score
Percentile by Number Answered
Your Score History
You have not taken this quiz